प्रलेखन एवं सूचना सेवाएँ तथा नेटवर्क : (Record no. 121376)
[ view plain ]
| 000 -LEADER | |
|---|---|
| fixed length control field | 01291nam a22002537a 4500 |
| 005 - DATE AND TIME OF LATEST TRANSACTION | |
| control field | 20170124103213.0 |
| 010 ## - LIBRARY OF CONGRESS CONTROL NUMBER | |
| LC control number | A-815880 |
| 020 ## - INTERNATIONAL STANDARD BOOK NUMBER | |
| Terms of availability | 00.00 |
| International Standard Book Number | 8185070369 |
| 035 ## - SYSTEM CONTROL NUMBER | |
| System control number | A-815880 |
| 037 ## - SOURCE OF ACQUISITION | |
| Source of stock number/acquisition | Cen Lib/Ret |
| 040 ## - CATALOGING SOURCE | |
| Original cataloging agency | DPL |
| Language of cataloging | HN |
| 082 ## - DEWEY DECIMAL CLASSIFICATION NUMBER | |
| Classification number | 025 |
| Item number | त्रिपाठी |
| 100 ## - MAIN ENTRY--PERSONAL NAME | |
| Personal name | त्रिपाठी, एस. एम. |
| 9 (RLIN) | 44003 |
| 245 ## - TITLE STATEMENT | |
| Title | प्रलेखन एवं सूचना सेवाएँ तथा नेटवर्क : |
| Statement of responsibility, etc | एस. एम. त्रिपाठी |
| Remainder of title | प्रलेखन एवं सूचना सेवाएँ / |
| 246 ## - VARYING FORM OF TITLE | |
| Title proper/short title | Pralekhan evam soochna sewayan tatha network : Pralekhan evam soochna sewayan / |
| Remainder of title | by S. M. Tripathi |
| 260 ## - PUBLICATION, DISTRIBUTION, ETC. (IMPRINT) | |
| Place of publication, distribution, etc | आगरा |
| Name of publisher, distributor, etc | वाई. के. पब्लिशर्स |
| Date of publication, distribution, etc | 1997 |
| 270 ## - ADDRESS | |
| Address | ब्लाक-77, संजय प्लेस |
| City | आगरा |
| Postal code | 282002 |
| 300 ## - PHYSICAL DESCRIPTION | |
| Extent | xix,434पृ. |
| Dimensions | 21सेमी(सजिल्द) |
| 650 ## - SUBJECT ADDED ENTRY--TOPICAL TERM | |
| Topical term or geographic name as entry element | प्रलेखन कार्य तथा इनका क्षेत्र |
| 9 (RLIN) | 96838 |
| 650 ## - SUBJECT ADDED ENTRY--TOPICAL TERM | |
| Topical term or geographic name as entry element | प्रलेखन सेवाएँ--भारत |
| 9 (RLIN) | 952 |
| 650 ## - SUBJECT ADDED ENTRY--TOPICAL TERM | |
| Topical term or geographic name as entry element | Documentation work and their scope |
| 9 (RLIN) | 96839 |
| 650 ## - SUBJECT ADDED ENTRY--TOPICAL TERM | |
| Topical term or geographic name as entry element | Documentation Services--India |
| 9 (RLIN) | 96840 |
| 942 ## - ADDED ENTRY ELEMENTS (KOHA) | |
| Source of classification or shelving scheme | Dewey Decimal Classification |
| Koha item type | Hindi Books |
| Classification part | 025 |
| Call number suffix | त्रिपाठी |
| Withdrawn status | Lost status | Damaged status | Not for loan | Collection code | Home library | Current library | Date acquired | Source of acquisition | Cost, normal purchase price | Total Checkouts | Full call number | Barcode | Date last seen | Copy number | Cost, replacement price | Price effective from | Koha item type |
|---|---|---|---|---|---|---|---|---|---|---|---|---|---|---|---|---|---|
| Not For Loan | Reference | Central Library | Central Library | 06/10/2015 | Cen Lib/Ret | 0.00 | 025 त्रिपाठी | A-815880 | 06/10/2015 | 1 | 0.00 | 06/10/2015 | Hindi Books |
